Утилизация негорючих компонент продуктов пиролиза в составе водоугольного топлива для рекуперации дополнительного тепла; Бутаковские чтения

গ্রন্থ-পঞ্জীর বিবরন
Parent link:Бутаковские чтения.— 2021.— [С. 298-300]
প্রধান লেখক: Калтаев А. Альберт
সংস্থা লেখক: Национальный исследовательский Томский политехнический университет Инженерная школа энергетики Научно-образовательный центр И. Н. Бутакова (НОЦ И. Н. Бутакова)
অন্যান্য লেখক: Ларионов К. Б. Кирилл Борисович (научный руководитель), Губин В. Е. Владимир Евгеньевич
সংক্ষিপ্ত:Заглавие с экрана
ভাষা:রুশ
প্রকাশিত: 2021
মালা:Экологические проблемы энергетики
বিষয়গুলি:
অনলাইন ব্যবহার করুন:http://earchive.tpu.ru/handle/11683/70602
বিন্যাস: MixedMaterials বৈদ্যুতিক গ্রন্থের অধ্যায়
KOHA link:https://koha.lib.tpu.ru/cgi-bin/koha/opac-detail.pl?biblionumber=634183

MARC

LEADER 00000naa2a2200000 4500
001 634183
005 20240212154411.0
035 |a (RuTPU)RU\TPU\conf\35968 
035 |a RU\TPU\conf\35965 
090 |a 634183 
100 |a 20220412d2021 k y0rusy50 ca 
101 0 |a rus 
102 |a RU 
105 |a y z 101zy 
135 |a drgn ---uucaa 
181 0 |a i  
182 0 |a b 
200 1 |a Утилизация негорючих компонент продуктов пиролиза в составе водоугольного топлива для рекуперации дополнительного тепла  |f А. Калтаев, К. Б. Ларионов, В. Е. Губин  |g науч. рук. В. Е. Губин 
203 |a Текст  |c электронный 
225 1 |a Экологические проблемы энергетики 
300 |a Заглавие с экрана 
320 |a [Библиогр.: с. 299-300 (14 назв.)] 
463 0 |0 (RuTPU)RU\TPU\conf\35907  |t Бутаковские чтения  |o материалы I Всероссийской с международным участием молодежной конференции, 15-16 декабря 2021 г., Томск  |f Национальный исследовательский Томский политехнический университет, Инженерная школа энергетики ; ред. кол. В. Е. Губин, Л. В. Савостьянова, А. О. Жданова [и др.]  |v [С. 298-300]  |d 2021 
610 1 |a электронный ресурс 
610 1 |a труды учёных ТПУ 
610 1 |a утилизация 
610 1 |a пиролиз 
610 1 |a водоугольные топлива 
610 1 |a рекуперация 
610 1 |a биомасса 
610 1 |a воспламенение 
610 1 |a горение 
610 1 |a отходы 
610 1 |a антропогенные выбросы 
610 1 |a энергетические ресурсы 
700 1 |a Калтаев  |b А.  |c физик  |c ассистент кафедры Томского политехнического университета  |f 1995-  |g Альберт  |3 (RuTPU)RU\TPU\pers\47141 
701 1 |a Ларионов  |b К. Б.  |c специалист в области теплоэнергетики  |c техник Томского политехнического университета  |f 1990-  |g Кирилл Борисович  |3 (RuTPU)RU\TPU\pers\32948 
701 1 |a Губин  |b В. Е.  |c специалист в области энергетики  |c доцент Томского политехнического университета, кандидат технических наук  |f 1976-  |g Владимир Евгеньевич  |3 (RuTPU)RU\TPU\pers\25985  |9 11834 
702 1 |a Губин  |b В. Е.  |c специалист в области энергетики  |c доцент Томского политехнического университета, кандидат технических наук  |f 1976-  |g Владимир Евгеньевич  |4 727 
712 0 2 |a Национальный исследовательский Томский политехнический университет  |b Инженерная школа энергетики  |b Научно-образовательный центр И. Н. Бутакова (НОЦ И. Н. Бутакова)  |3 (RuTPU)RU\TPU\col\23504 
801 2 |a RU  |b 63413507  |c 20220415  |g RCR 
856 4 |u http://earchive.tpu.ru/handle/11683/70602 
942 |c BK